| 000 | 00000nam##2200000za#4500 |
| 001 | 9.599233 |
| 003 | CaOODSP |
| 005 | 20210624204951 |
| 007 | cr ||||||||||| |
| 008 | 150406|2000||||xxc|||||o f|0| 0 fre|d |
| 040 | |aCaOODSP|bfre |
| 043 | |an-cn--- |
| 086 | 1 |aBT31-2/2001-III-19F-PDF |
| 110 | 1 |aCanada. |bConseil du trésor. |
| 245 | 10|aAffaires indiennes et du Nord Canada et Commission canadienne des affaires polaires, budget des dépenses 2000-2001. Partie III, Rapport sur les plans et les priorités |h[ressource électronique] |
| 246 | 3 |aAffaires indiennes et du Nord Canada et Commission canadienne des affaires polaires, budget des dépenses 2000-2001, rapport sur les plans et les priorités |
| 260 | |aOttawa - Ontario : |bSecrétariat du Conseil du Trésor du Canada |cc2000. |
| 300 | |a45p.|bgraphiques, organigramme, tableaux |
| 490 | 1 |aBudget des dépenses 2000-2001. Partie III, Rapport sur les plans et les priorités |v2000-2001 |
| 500 | |aLe n° de catalogue (BT31-2/2001-III-19) et l'ISBN (0-660-61158-9) de l’édition imprimée bilingue ont été incorrectement copiés dans cette édition électronique. |
| 590 | |a10-13-Supp|b2010-11-23 |
| 775 | 08|tIndian and Northern Affairs Canada and Canadian Polar Commission, 2000-2001 estimates. Part III, Report on plans and priorities |w(CaOODSP)9.567918 |
| 776 | 0#|tAffaires indiennes et du Nord Canada et Commission canadienne des affaires polaires |w(CaOODSP)9.533161 |
| 776 | 0#|tIndian and Northern Affairs Canada and Canadian Polar Commission |w(CaOODSP)9.533160 |
| 830 | #0|aBudget des dépenses 2000-2001. Partie III, Rapport sur les plans et les priorités ;|v2000-2001|w(CaOODSP)9.502562 |
| 856 | 40|ahttp://publications.gc.ca|qPDF|s487 Ko |uhttps://publications.gc.ca/collections/Collection/BT31-2-2001-III-19F.pdf|y2000-2001 |